000 01991cam a22005174i 4500
003 PE-LiUPU
005 20250731165459.0
008 150623s r 000 0 d
020 _a1850758700
035 _a(Sirsi) i9781850758709
040 _aPE-LiUPU
_bspa
_cPE-LiUPU
_erda
049 _aPRUA
082 0 4 _a221.07
_bJ
_221
100 1 _aMeynet, Roland,
_eautor.
245 1 0 _aRhetorical analysis: an introduction to biblical rhetoric /
_cRoland Meynet.
264 1 _aSheffield, Great Britain :
_bSheffield Academic Press,
_c1998.
300 _a386 páginas :
_bilustraciones, gráficos ;
_c24 centímetros
336 _atext
_2rdacontent
337 _aunmediated
_2rdamedia
338 _avolume
_2rdacarrier
490 0 _aJournal for the Study of the O.T. Supplement Series ;
_v256
504 _aIncluye bibliografía.
505 0 _aThe founding texts of rhetorical analyis. -Exposition of rhetorical analysis. -The situation of rhetorical analysis in the field of exegesis. -The fruits of rhetorical analysis for biblical exegesis.
526 _aSEG44
526 _aSEG26
526 _aP151
526 _aP150
526 _aP149
526 _aP146
526 _aP145
526 _aP126
526 _aP125
526 _aP92
526 _aP75
526 _aP74
526 _aP27
526 _aP15
630 _aBiblia
_xCrítica, interpretación, etc.
650 0 4 _aRetórica en la Biblia.
_95069
942 _2ddc
_cBOOK
949 _aRC 221.07 J 256
_wDEWEY
_c1
_i45632
_lCCODEBUL1
_mBUL
_r0
_sY
_tBOOK
_u2015-6-24
_xTEOLOGIA
_PP35
_0COMPRA
_o.CIRCNOTE. No olvidar cambiar la fecha de devolución!!!!!!!
_o.STAFF. Colección General
994 _aC0
_bPEPRU
596 _a1
999 _aRC 221.07 J 256
_wDEWEY
_c22504
_i45632
_f2021-11-8
_g6
_lCCODEBUL1
_mBUL
_r1
_sY
_tBOOK
_u2015-6-24
_xTEOLOGIA
_PP35
_0COMPRA
_o.CIRCNOTE. No olvidar cambiar la fecha de devolución!!!!!!!
_o.STAFF. Colección General
_d22504
980 _81
_gALBERTO SANCHEZ Responsable de Automatización